[Event "Budapest-chT1 Lilienthal 1718"]
[Site "Budapest"]
[Date "2017.12.10"]
[Round "5"]
[White "Vandor, Ferenc"]
[Black "Szavin, Mark Laszlo"]
[Result "1-0"]
[WhiteElo "1900"]
[BlackElo "1899"]
[PlyCount "133"]
[EventDate "2017.10.01"]
[EventType "team-tourn"]
[EventRounds "13"]
[EventCountry "HUN"]
[SourceTitle "EXT 2021"]
[Source "ChessBase"]
[SourceDate "2020.10.23"]
[SourceVersion "1"]
[SourceVersionDate "2020.10.23"]
[SourceQuality "1"]
[WhiteTeam "Penzugyor III"]
[BlackTeam "Palota Sakk"]
[WhiteTeamCountry "HUN"]
[BlackTeamCountry "HUN"]

1. d4 d5 2. c4 dxc4 3. Nc3 a6 4. a4 Nc6 5. Nf3 Na5 6. e3 Nf6 7. Nd2 Be6 8. Nce4 Qd5 9. f3 0-0-0 10. Qc2 Nd7 11. Ra3 f6 12. Rc3 b5 13. axb5 axb5 14. b3 Nb6 15. bxc4 Nbxc4 16. Nxc4 Nxc4 17. Nc5 Bf7 18. Rxc4 bxc4 19. Qa4 Be8 20. Qa6+ Kb8 21. Bxc4 Qc6 22. Qa2 e5 23. Ba3 exd4 24. Ne6 Bxa3 25. Nxd8 Bb4+ 26. Ke2 Qb6 27. Ra1 Kc8 28. Qa8+ Kd7 29. Rd1 Bf7 30. Rxd4+ Bd6 31. Qa4+ Kxd8 32. Bxf7 Ke7 33. Qa2 Qb5+ 34. Kf2 Qd7 35. Re4+ Kd8 36. Be8 Qxe8 37. Rxe8+ Rxe8 38. Qf7 Re7 39. Qg8+ Kd7 40. Qxh7 Bc5 41. Qf5+ Kc6 42. Qc2 Rxe3 43. Kg3 g5 44. Kg4 Re5 45. Qa4+ Kd6 46. Qa6+ c6 47. g3 Kd5 48. f4 gxf4 49. gxf4 f5+ 50. Kg5 Be7+ 51. Kg6 Re6+ 52. Kxf5 Rf6+ 53. Kg4 c5 54. Qd3+ Ke6 55. Qc4+ Kd7 56. Qd5+ Rd6 57. Qb7+ Ke6 58. Qc8+ Kd5 59. Qf5+ Kc6 60. h4 Rd4 61. h5 Bd6 62. h6 c4 63. h7 Rxf4+ 64. Qxf4 Bxf4 65. Kxf4 Kc5 66. h8Q Kb4 67. Qb2+ 1-0

[Event "Budapest-chT1 Lilienthal 1314"]
[Site "Budapest"]
[Date "2013.11.24"]
[Round "4"]
[White "Posa, Norbert"]
[Black "Vandor, Ferenc"]
[Result "1-0"]
[WhiteElo "2060"]
[BlackElo "1952"]
[PlyCount "69"]
[EventDate "2013.09.29"]
[EventType "team-tourn"]
[EventRounds "11"]
[EventCountry "HUN"]
[SourceTitle "EXT 2021"]
[Source "ChessBase"]
[SourceDate "2020.10.23"]
[SourceVersion "1"]
[SourceVersionDate "2020.10.23"]
[SourceQuality "1"]
[WhiteTeam "Fabulon"]
[BlackTeam "Penzugyor III"]
[WhiteTeamCountry "HUN"]
[BlackTeamCountry "HUN"]

1. Nf3 c5 2. c4 Nf6 3. g3 g6 4. Bg2 Bg7 5. 0-0 0-0 6. d4 cxd4 7. Nxd4 Nc6 8. Nc3 Nxd4 9. Qxd4 e6 10. Qd6 Ne8 11. Qd3 Nc7 12. Bf4 e5 13. Be3 f5 14. Bc5 e4 15. Qd2 Rf7 16. Bd6 Ne8 17. Bf4 Qa5 18. Nxe4 Qxd2 19. Nxd2 Re7 20. Rab1 Rxe2 21. Be3 Bd4 22. Bd5+ Kf8 23. Bxd4 Rxd2 24. Be3 Rc2 25. c5 d6 26. cxd6 Nxd6 27. Rfc1 Rxc1+ 28. Rxc1 Ne8 29. Bc5+ Kg7 30. Re1 Nf6 31. Bd4 g5 32. Re7+ Kg6 33. Bf7+ Kg7 34. Be8+ Kf8 35. Bxf6 1-0

[Event "Budapest-chT1 Lilienthal 1213"]
[Site "Budapest"]
[Date "2012.11.11"]
[Round "3"]
[White "Vandor, Ferenc"]
[Black "Bogad, Peter"]
[Result "0-1"]
[WhiteElo "1959"]
[BlackElo "2055"]
[PlyCount "28"]
[EventDate "2012.09.30"]
[EventType "team-tourn"]
[EventRounds "11"]
[EventCountry "HUN"]
[SourceTitle "EXT 2019"]
[Source "ChessBase"]
[SourceDate "2018.10.10"]
[SourceVersion "1"]
[SourceVersionDate "2018.10.10"]
[SourceQuality "1"]
[WhiteTeam "Penzugyor III"]
[BlackTeam "Barcza GSC"]
[WhiteTeamCountry "HUN"]
[BlackTeamCountry "HUN"]

1. d4 e6 2. c4 b6 3. Nc3 Bb7 4. e4 Bb4 5. Bd3 f5 6. f3 Qh4+ 7. g3 Qh5 8. exf5 exf5 9. d5 Na6 10. Qc2 0-0-0 11. Bxf5 Re8+ 12. Kd1 Nf6 13. g4 Qh4 14. Bf4 Qe1# 0-1

[Event "Budapest-chT1 Lilienthal 1112"]
[Site "Budapest"]
[Date "2012.04.29"]
[Round "11"]
[White "Vandor, Ferenc"]
[Black "Kovacs, Daniel1111"]
[Result "1-0"]
[WhiteElo "1969"]
[BlackElo "1833"]
[PlyCount "75"]
[EventDate "2011.10.02"]
[EventType "team-tourn"]
[EventRounds "11"]
[EventCountry "HUN"]
[SourceTitle "EXT 2020"]
[Source "ChessBase"]
[SourceDate "2019.10.17"]
[SourceVersion "1"]
[SourceVersionDate "2019.10.17"]
[SourceQuality "1"]
[WhiteTeam "Penzugyor III"]
[BlackTeam "Budapest HUSI II"]
[WhiteTeamCountry "HUN"]
[BlackTeamCountry "HUN"]

1. d4 d5 2. c4 e6 3. Nc3 Nf6 4. Bg5 Be7 5. Nf3 0-0 6. e3 b6 7. Qc2 h6 8. Bxf6 Bxf6 9. h4 Bb7 10. cxd5 c5 11. dxe6 cxd4 12. exf7+ Kh8 13. Rd1 Bxf3 14. gxf3 Rxf7 15. Qe4 Nd7 16. Bd3 Nf8 17. Nd5 dxe3 18. Nf4 exf2+ 19. Kf1 Re7 20. Ng6+ Nxg6 21. Qxg6 Qg8 22. Kxf2 Bxb2 23. Rd2 Bd4+ 24. Kg2 Bc5 25. Rhd1 Re6 26. Qg4 Rf6 27. Be4 Re8 28. Rd7 Rf7 29. Qg6 Rxd7 30. Rxd7 Qxa2+ 31. Kh3 Qg8 32. Bd5 Qf8 33. Rf7 Qg8 34. Rf5 Re6 35. Bxe6 Qd8 36. Rd5 Qf8 37. Bf5 Qg8 38. Rd8 1-0

[Event "Budapest-chT1 Lilienthal 1112"]
[Site "Budapest"]
[Date "2012.03.04"]
[Round "9"]
[White "Vandor, Ferenc"]
[Black "Medve, Mark"]
[Result "1-0"]
[WhiteElo "1969"]
[BlackElo "1635"]
[PlyCount "93"]
[EventDate "2011.10.02"]
[EventType "team-tourn"]
[EventRounds "11"]
[EventCountry "HUN"]
[SourceTitle "EXT 2020"]
[Source "ChessBase"]
[SourceDate "2019.10.17"]
[SourceVersion "1"]
[SourceVersionDate "2019.10.17"]
[SourceQuality "1"]
[WhiteTeam "Penzugyor III"]
[BlackTeam "Budapest Ujpest KSE"]
[WhiteTeamCountry "HUN"]
[BlackTeamCountry "HUN"]

1. d4 Nf6 2. c4 c5 3. d5 e6 4. Nc3 exd5 5. cxd5 d6 6. e4 g6 7. f4 Bg7 8. Nf3 Bg4 9. Be2 Bxf3 10. Bxf3 Nbd7 11. 0-0 0-0 12. Re1 Re8 13. Qc2 a6 14. a4 Qc7 15. Bd2 c4 16. Nd1 Rac8 17. Nf2 b5 18. axb5 axb5 19. Ra5 Qb7 20. Rea1 Ra8 21. Bb4 Bf8 22. Qd2 Rxa5 23. Rxa5 Ra8 24. g4 Rxa5 25. Bxa5 Nc5 26. Bc3 Nfd7 27. g5 Bg7 28. Bxg7 Kxg7 29. Qd4+ f6 30. Ng4 Nb3 31. gxf6+ Kf8 32. Qc3 Qb6+ 33. Kg2 Qd4 34. e5 h5 35. e6 Qxc3 36. bxc3 Nb6 37. Nf2 Nd2 38. Ne4 Nxe4 39. Bxe4 b4 40. Bxg6 Nxd5 41. e7+ Nxe7 42. fxe7+ Kxe7 43. cxb4 d5 44. Kf3 h4 45. Ke3 Kd6 46. Kd4 Kc6 47. Be8+ 1-0

[Event "Budapest-chT1 Lilienthal 1112"]
[Site "Budapest"]
[Date "2012.01.15"]
[Round "6"]
[White "Vandor, Ferenc"]
[Black "Felmery, Mate"]
[Result "1/2-1/2"]
[WhiteElo "1969"]
[BlackElo "1864"]
[PlyCount "79"]
[EventDate "2011.10.02"]
[EventType "team-tourn"]
[EventRounds "11"]
[EventCountry "HUN"]
[SourceTitle "EXT 2020"]
[Source "ChessBase"]
[SourceDate "2019.10.17"]
[SourceVersion "1"]
[SourceVersionDate "2019.10.17"]
[SourceQuality "1"]
[WhiteTeam "Penzugyor III"]
[BlackTeam "Budapest Vasas II"]
[WhiteTeamCountry "HUN"]
[BlackTeamCountry "HUN"]

1. d4 Nf6 2. c4 e6 3. Nc3 d5 4. Bg5 Be7 5. e3 0-0 6. Nf3 c6 7. Rc1 Nbd7 8. cxd5 exd5 9. Bd3 h6 10. Bh4 Ne4 11. Bxe7 Qxe7 12. Nd2 Ndf6 13. Ncxe4 dxe4 14. Bb1 Bf5 15. Rc5 Bg6 16. 0-0 Rae8 17. Qa4 Nd7 18. Rc3 Nb6 19. Qb3 Kh8 20. a4 f5 21. a5 Nd5 22. Rc5 Bf7 23. Qa3 Qf6 24. Rfc1 Rc8 25. R5c2 f4 26. Nc4 f3 27. Nd6 Qg6 28. g3 Qe6 29. Kh1 Nf6 30. Nxf7+ Kh7 31. g4 Qxf7 32. Rg1 Qg6 33. h3 Nd5 34. Ba2 Qf6 35. Kh2 Qh4 36. b4 Qe7 37. Rb1 Qd6+ 38. Kh1 a6 39. Rc5 Qd7 40. Bxd5 1/2-1/2

[Event "HUN-chT2 Maroczy 1011"]
[Site "Hungary"]
[Date "2011.05.01"]
[Round "10"]
[White "Vandor, Ferenc"]
[Black "Mozer, Sandor"]
[Result "0-1"]
[WhiteElo "1989"]
[BlackElo "2010"]
[PlyCount "50"]
[EventDate "2010.09.12"]
[EventType "team-tourn"]
[EventRounds "11"]
[EventCountry "HUN"]
[SourceTitle "EXT 2012"]
[Source "ChessBase"]
[SourceDate "2011.11.24"]
[SourceVersion "1"]
[SourceVersionDate "2011.11.24"]
[SourceQuality "1"]
[WhiteTeam "Penzugyor II"]
[BlackTeam "Nyiregyhaza"]
[WhiteTeamCountry "HUN"]
[BlackTeamCountry "HUN"]

1. d4 Nf6 2. c4 g6 3. Nc3 Bg7 4. Nf3 0-0 5. Bg5 d6 6. Qd2 c5 7. Rd1 cxd4 8. Nxd4 Nc6 9. Bh6 Qa5 10. Bxg7 Kxg7 11. g3 Nxd4 12. Qxd4 Be6 13. Bg2 Rac8 14. b3 b5 15. 0-0 bxc4 16. Ne4 cxb3 17. Nxf6 exf6 18. axb3 Bxb3 19. Ra1 Qc5 20. Qxc5 dxc5 21. Rxa7 c4 22. Rc1 Rfd8 23. Rc3 Rd2 24. Re7 Rd1+ 25. Bf1 Ra8 0-1

[Event "Budapest-chT1 Lilienthal 1011"]
[Site "Budapest"]
[Date "2011.03.20"]
[Round "11"]
[White "Rozsa, Sandor"]
[Black "Vandor, Ferenc"]
[Result "1/2-1/2"]
[WhiteElo "1995"]
[BlackElo "1989"]
[PlyCount "26"]
[EventDate "2010.09.19"]
[EventType "team-tourn"]
[EventRounds "11"]
[EventCountry "HUN"]
[SourceTitle "EXT 2020"]
[Source "ChessBase"]
[SourceDate "2019.10.17"]
[SourceVersion "1"]
[SourceVersionDate "2019.10.17"]
[SourceQuality "1"]
[WhiteTeam "Budapest Honved III"]
[BlackTeam "Penzugyor III"]
[WhiteTeamCountry "HUN"]
[BlackTeamCountry "HUN"]

1. e4 c5 2. Nc3 Nc6 3. g3 g6 4. Bg2 Bg7 5. d3 e6 6. Nge2 Nge7 7. 0-0 0-0 8. Be3 Nd4 9. Qd2 Nec6 10. Rae1 d6 11. Nd1 Nxe2+ 12. Rxe2 Qa5 13. Qxa5 Nxa5 1/2-1/2

[Event "Budapest-chT1 Lilienthal 1011"]
[Site "Budapest"]
[Date "2010.10.03"]
[Round "2"]
[White "Bihari, Balazs"]
[Black "Vandor, Ferenc"]
[Result "1-0"]
[WhiteElo "1951"]
[BlackElo "1989"]
[PlyCount "65"]
[EventDate "2010.09.19"]
[EventType "team-tourn"]
[EventRounds "11"]
[EventCountry "HUN"]
[SourceTitle "EXT 2020"]
[Source "ChessBase"]
[SourceDate "2019.10.17"]
[SourceVersion "1"]
[SourceVersionDate "2019.10.17"]
[SourceQuality "1"]
[WhiteTeam "Hid Unio"]
[BlackTeam "Penzugyor III"]
[WhiteTeamCountry "HUN"]
[BlackTeamCountry "HUN"]

1. e4 c5 2. Nc3 Nc6 3. g3 g6 4. Bg2 Bg7 5. d3 e6 6. f4 Nge7 7. Nf3 d6 8. 0-0 0-0 9. Rb1 Nd4 10. Ne2 Nec6 11. c3 Nxf3+ 12. Rxf3 f5 13. Kh1 Kh8 14. Be3 e5 15. Bg1 b5 16. b4 cxb4 17. cxb4 Be6 18. Nc3 a6 19. Nd5 Ne7 20. Nxe7 Qxe7 21. fxe5 fxe4 22. Rxf8+ Qxf8 23. Bxe4 d5 24. Bg2 Rc8 25. Bc5 Qf5 26. d4 Qf2 27. a3 Rc7 28. Rb3 Rf7 29. Rf3 Rxf3 30. Qxf3 Qe1+ 31. Bf1 Bh3 32. Kg1 Kg8 33. Qxd5+ 1-0

[Event "HUN-chT2 Breyer 0708"]
[Site "Hungary"]
[Date "2007.11.25"]
[Round "3"]
[White "Dolanyi, Jozsef"]
[Black "Vandor, Ferenc"]
[Result "1/2-1/2"]
[WhiteElo "2043"]
[BlackElo "2005"]
[PlyCount "20"]
[EventDate "2007.10.14"]
[EventType "team"]
[EventRounds "11"]
[EventCountry "HUN"]
[SourceTitle "EXT 2009"]
[Source "ChessBase"]
[SourceDate "2008.11.26"]
[SourceVersion "1"]
[SourceVersionDate "2008.11.26"]
[SourceQuality "1"]
[WhiteTeam "Honved II"]
[BlackTeam "Penzugyor II"]
[WhiteTeamCountry "HUN"]
[BlackTeamCountry "HUN"]

1. c4 Nf6 2. Nc3 d5 3. cxd5 Nxd5 4. g3 g6 5. Bg2 c6 6. Nf3 Bg7 7. 0-0 0-0 8. d4 Nxc3 9. bxc3 Nd7 10. e3 Nb6 1/2-1/2

[Event "HUN-chT2 Erkel 0405"]
[Site "Hungary"]
[Date "2005.03.06"]
[Round "9"]
[White "Vandor, Ferenc"]
[Black "Mullner, Imre"]
[Result "0-1"]
[WhiteElo "2078"]
[BlackElo "2252"]
[PlyCount "58"]
[EventDate "2004.09.26"]
[EventType "team"]
[EventRounds "11"]
[EventCountry "HUN"]
[SourceTitle "EXT 2009"]
[Source "ChessBase"]
[SourceDate "2008.11.26"]
[SourceVersion "1"]
[SourceVersionDate "2008.11.26"]
[SourceQuality "1"]
[WhiteTeam "Penzugyor II"]
[BlackTeam "Statisztika II"]
[WhiteTeamCountry "HUN"]
[BlackTeamCountry "HUN"]

1. d4 Nf6 2. c4 e6 3. Nc3 d5 4. Bg5 Be7 5. e3 h6 6. Bxf6 Bxf6 7. Nf3 0-0 8. h4 c5 9. g4 cxd4 10. exd4 Nc6 11. g5 hxg5 12. Qc2 g4 13. Ng5 g6 14. 0-0-0 Nxd4 15. Qd2 b6 16. cxd5 exd5 17. Qf4 Ne6 18. Nxe6 Bxe6 19. f3 Rc8 20. fxg4 d4 21. Kb1 Bg7 22. Nb5 Qd5 23. Nc3 Rxc3 24. bxc3 Qxa2+ 25. Kc1 dxc3 26. Qb4 Bxg4 27. Rh2 Bh6+ 28. Rdd2 cxd2+ 29. Rxd2 Rc8+ 0-1

[Event "HUN-chT2 Erkel 0405"]
[Site "Hungary"]
[Date "2004.11.21"]
[Round "3"]
[White "Vandor, Ferenc"]
[Black "Zala, Gyula"]
[Result "1/2-1/2"]
[WhiteElo "2078"]
[BlackElo "2177"]
[PlyCount "90"]
[EventDate "2004.09.26"]
[EventType "team"]
[EventRounds "11"]
[EventCountry "HUN"]
[SourceTitle "EXT 2009"]
[Source "ChessBase"]
[SourceDate "2008.11.26"]
[SourceVersion "1"]
[SourceVersionDate "2008.11.26"]
[SourceQuality "1"]
[WhiteTeam "Penzugyor II"]
[BlackTeam "Vaci"]
[WhiteTeamCountry "HUN"]
[BlackTeamCountry "HUN"]

1. d4 d6 2. c4 Nd7 3. Nf3 e5 4. Nc3 c6 5. b3 h6 6. dxe5 dxe5 7. Ne4 Qc7 8. a3 Ngf6 9. Nxf6+ gxf6 10. e3 Be7 11. Bd3 Nc5 12. Bb1 Bg4 13. h3 Rd8 14. Qc2 Nd3+ 15. Ke2 Bf5 16. Qc3 Rg8 17. Ne1 Nxc1+ 18. Qxc1 Be6 19. g4 Qd7 20. Nf3 b5 21. Nh4 bxc4 22. bxc4 Qb7 23. Bf5 Qb3 24. Bxe6 Qd3+ 25. Kf3 fxe6 26. Rd1 Qxd1+ 27. Qxd1 Rxd1 28. Rxd1 Bxa3 29. Ke4 Bb4 30. f4 exf4 31. exf4 a5 32. f5 e5 33. c5 Rg7 34. Rd6 a4 35. Rxc6 Ra7 36. Rxf6 Bxc5 37. Rc6 Bd4 38. Nf3 Bb2 39. Nxe5 Bxe5 40. Kxe5 Kf7 41. Rc2 a3 42. Ra2 Ra5+ 43. Kf4 Kf6 44. h4 Ra4+ 45. Kf3 Ke5 1/2-1/2

[Event "HUN-chT2 Erkel 0405"]
[Site "Hungary"]
[Date "2004.09.26"]
[Round "1"]
[White "Havaskori, Laszlo"]
[Black "Vandor, Ferenc"]
[Result "1-0"]
[WhiteElo "2115"]
[BlackElo "2078"]
[PlyCount "73"]
[EventDate "2004.09.26"]
[EventType "team"]
[EventRounds "11"]
[EventCountry "HUN"]
[SourceTitle "EXT 2009"]
[Source "ChessBase"]
[SourceDate "2008.11.26"]
[SourceVersion "1"]
[SourceVersionDate "2008.11.26"]
[SourceQuality "1"]
[WhiteTeam "Karpati"]
[BlackTeam "Penzugyor II"]
[WhiteTeamCountry "HUN"]
[BlackTeamCountry "HUN"]

1. e4 c5 2. Nf3 Nf6 3. Nc3 d5 4. exd5 Nxd5 5. Bc4 Nb6 6. Be2 Nc6 7. 0-0 e5 8. Re1 f6 9. a4 Be7 10. a5 Nd5 11. Bb5 0-0 12. a6 Kh8 13. d3 Ndb4 14. axb7 Bxb7 15. Bd2 Qc8 16. Ne4 Qg4 17. c3 Nd5 18. Bc4 Nb6 19. Bb3 Rfd8 20. Qe2 c4 21. dxc4 f5 22. Ng3 e4 23. Nd4 Qxe2 24. Ngxe2 Ne5 25. Bf4 Nd3 26. Red1 Nxf4 27. Nxf4 g6 28. Nfe6 Rdc8 29. Nb5 Nxc4 30. Ra2 a6 31. Nbc7 Nxb2 32. Rd7 Bf6 33. Nxa8 Bc6 34. Rc7 Rxc7 35. Naxc7 Bxc3 36. Rxa6 Bb7 37. Rb6 1-0